<?xml version="1.0" encoding="UTF-8"?>
<record
    xmlns:xsi="http://www.w3.org/2001/XMLSchema-instance"
    xsi:schemaLocation="http://www.loc.gov/MARC21/slim http://www.loc.gov/standards/marcxml/schema/MARC21slim.xsd"
    xmlns="http://www.loc.gov/MARC21/slim">

  <leader>01368nam a22001337a 4500</leader>
  <datafield tag="999" ind1=" " ind2=" ">
    <subfield code="c">533192</subfield>
    <subfield code="d">533192</subfield>
  </datafield>
  <controlfield tag="008">260429b           ||||| |||| 00| 0 eng d</controlfield>
  <datafield tag="100" ind1=" " ind2=" ">
    <subfield code="a"> Baruah, Ashapurna  and Ankita</subfield>
    <subfield code="9">60309</subfield>
  </datafield>
  <datafield tag="245" ind1=" " ind2=" ">
    <subfield code="a">Can agricultural growth generate higher employment for rural women in INDIA? : Debunking a persistent myth</subfield>
  </datafield>
  <datafield tag="260" ind1=" " ind2=" ">
    <subfield code="a">Economic &amp; Political Weekly</subfield>
  </datafield>
  <datafield tag="300" ind1=" " ind2=" ">
    <subfield code="a">61(12), Mar 21, 2026: p.64-74</subfield>
  </datafield>
  <datafield tag="520" ind1=" " ind2=" ">
    <subfield code="a">Periodic Labour Force Survey data indicate a sharp rise in female employment between 2017&#x2013;18 and 2022&#x2013;23, with the rural female labour force participation rate increasing from 24.6% to 41.5%. This paper questions the interpretation that this increase reflects agricultural growth or improved rural amenities. Examining trends in agricultural labour demand, employment status, and wages, it finds declining labour requirements in agriculture, rising unpaid family work, and stagnant real wages. These patterns suggest that the recent increase in the female labour force participation rate is more closely associated with rural distress than with improved economic opportunities. The paper thus highlights the limits of agriculture-led strategies for expanding women&#x2019;s employment. &#x2013;Reproduced

https://www.epw.in/journal/2026/12/special-articles/can-agricultural-growth-generate-higher-employment.html
</subfield>
  </datafield>
  <datafield tag="773" ind1=" " ind2=" ">
    <subfield code="a">Economic &amp; Political Weekly</subfield>
  </datafield>
  <datafield tag="942" ind1=" " ind2=" ">
    <subfield code="c">AR</subfield>
  </datafield>
  <datafield tag="952" ind1=" " ind2=" ">
    <subfield code="0">0</subfield>
    <subfield code="1">0</subfield>
    <subfield code="2">ddc</subfield>
    <subfield code="4">0</subfield>
    <subfield code="7">0</subfield>
    <subfield code="9">408363</subfield>
    <subfield code="a">IIPA</subfield>
    <subfield code="b">IIPA</subfield>
    <subfield code="d">2026-04-29</subfield>
    <subfield code="h">61(12), Mar 21, 2026: p.64-74</subfield>
    <subfield code="p">AR138704</subfield>
    <subfield code="r">2026-04-29</subfield>
    <subfield code="y">AR</subfield>
  </datafield>
</record>
